000 01141nam a22002417a 4500
005 20120614170415.0
008 081007t xxu||||| |||| 00| 0 mar d
010 _aMAR-22625
020 _c370.00
035 _aMR-15283
037 _bD.B.Act /pub
082 _a891.463
100 _949115
_aनाथमाधव
245 _aस्वराज्याची घटना /
_cनाथमाधव
246 _bby Nath Madhav
_aSwarajayachi Ghatna
260 _aकोल्हापूर
_bअभिनंदन प्रकाशन
_c2012
270 _bकोल्हापूर
_a1495 ' बी ' इंदुमती अपार्टमेंट,गुलाब गल्ली,मंगळवार पेठ,
_e416012
300 _a368पृ.
_c22सेमी(अजिल्द)
650 _aमराठी कादंबरी
_952690
650 _aMarathi Fiction
_952691
942 _2ddc
_cMR
_mनाथमा
_h891.463
999 _c70394
_d70394